Diálogos por Colombia : (Registro nro. 4817)

Detalles MARC
000 -LEADER
fixed length control field 00886nam a2200217Ia 4500
003 - CONTROL NUMBER IDENTIFIER
control field OSt
005 - DATE AND TIME OF LATEST TRANSACTION
control field 20201029205513.0
008 - FIXED-LENGTH DATA ELEMENTS--GENERAL INFORMATION
fixed length control field 191128s2007 ck ao gr 000 0 spa d
040 ## - CATALOGING SOURCE
Original cataloging agency CO-JMCR
Transcribing agency CO-JMCR
041 0# - LANGUAGE CODE
Language code of text/sound track or separate title spa
082 24 - DEWEY DECIMAL CLASSIFICATION NUMBER
Classification number 658.4032 /
Item number C257d
Edition number 23
110 2# - MAIN ENTRY--CORPORATE NAME
Corporate name or jurisdiction name as entry element Colombia. Centro de liderazgo y gestión
9 (RLIN) 12252
245 10 - TITLE STATEMENT
Title Diálogos por Colombia :
Remainder of title competitividad y prosperidad colectiva /
Statement of responsibility, etc. Centro de Liderazgo y Gestión
260 ## - PUBLICATION, DISTRIBUTION, ETC.
Place of publication, distribution, etc. Bogotá :
Name of publisher, distributor, etc. CLG,
Date of publication, distribution, etc. 2007.
300 ## - PHYSICAL DESCRIPTION
Extent 74 páginas :
Other physical details fotografías a blanco y negro ;
Dimensions 26 cm.
505 0# - FORMATTED CONTENTS NOTE
Formatted contents note Bienvenida -- Introducción y metodología -- La realidad actual -- La caminata -- Puntos de aplacamiento -- Esquemas de trabajo -- Pasos a seguir -- Facilitadores -- Participantes
650 24 - SUBJECT ADDED ENTRY--TOPICAL TERM
Topical term or geographic name entry element Prosperidad para todos
9 (RLIN) 12253
650 24 - SUBJECT ADDED ENTRY--TOPICAL TERM
Topical term or geographic name entry element Desarrollo social
9 (RLIN) 12254
650 24 - SUBJECT ADDED ENTRY--TOPICAL TERM
Topical term or geographic name entry element Desarrollo urbano
9 (RLIN) 12255
942 ## - ADDED ENTRY ELEMENTS (KOHA)
Source of classification or shelving scheme Dewey Decimal Classification
Koha item type Books
Existencias
Withdrawn status Lost status Source of classification or shelving scheme Materials specified (bound volume or other part) Damaged status Not for loan Home library Current library Shelving location Date acquired Source of acquisition Total Checkouts Full call number Barcode Date last seen Date last checked out Copy number Price effective from Koha item type
    Dewey Decimal Classification Donación--15/04/2018--     Biblioteca Pública José María del Castillo y Rada Biblioteca Pública José María del Castillo y Rada General Stacks 11/28/2019 Donación 1 658.4032 / C257d 430000598 09/19/2024 09/18/2024 Ej.1 11/28/2019 Books